Central Library OPAC University of Rajshahi

Advances in Botanical Research / (Record no. 12168)

MARC details
000 -LEADER
fixed length control field 00815nam a2200277 ab4500
001 - CONTROL NUMBER
control field 12168
003 - CONTROL NUMBER IDENTIFIER
rucl marc code BD-RjUL
005 - DATE AND TIME OF LATEST TRANSACTION
control field 20211208235239.0
008 - FIXED-LENGTH DATA ELEMENTS--GENERAL INFORMATION
fixed length control field 140128s1963 enka b 0 001 eng d
020 ## - INTERNATIONAL STANDARD BOOK NUMBER
International Standard Book Number 9780120059058
International Standard Book Number 0120059053 (Trade Cloth)
035 ## - SYSTEM CONTROL NUMBER
System control number (BD-RjUL)12217
040 ## - CATALOGING SOURCE
Original cataloging agency BIP US
Modifying agency BD-RjUL
Language of cataloging eng
Transcribing agency BD-RjUL
041 ## - LANGUAGE CODE
Language code of text/sound track or separate title eng
082 00 - DEWEY DECIMAL CLASSIFICATION NUMBER
Classification number 581.05
Edition number 19
Author mark and year ADV 1963
245 10 - TITLE STATEMENT
Title Advances in Botanical Research /
Statement of responsibility, etc. Edited by R. D. Preston.
260 ## - PUBLICATION, DISTRIBUTION, ETC. (IMPRINT)
Place of publication, distribution, etc. London;
-- New York :
Name of publisher, distributor, etc. Academic Press,
Date of publication, distribution, etc. 1963.
300 ## - PHYSICAL DESCRIPTION
Pagination xii, 384 p. :
Illustrations ill. ;
Size 24 cm.
504 ## - BIBLIOGRAPHY, ETC. NOTE
Bibliography, etc Includes bibliography and index.
505 #o - FORMATTED CONTENTS NOTE
Formatted contents note v. 1 --
506 ## - RESTRICTIONS ON ACCESS NOTE
Terms governing access License restrictions may limit access.
650 ## - SUBJECT ADDED ENTRY--TOPICAL TERM
Topical term or geographic name as entry element Botany -- Research.
9 (RLIN) 37675
700 1# - ADDED ENTRY--PERSONAL NAME
Personal name Preston, R. D.
942 ## - ADDED ENTRY ELEMENTS (KOHA)
Source of classification or shelving scheme Dewey Decimal Classification
Koha item type Books
Holdings
Lost status Source of classification or shelving scheme Damaged status Not for loan Collection code Permanent Location Current Location Shelving location Date acquired Source of acquisition Cost, normal purchase price Total Checkouts Full call number Date last seen Copy number Koha item type
  Dewey Decimal Classification     Non-fiction Central Library, University of Rajshahi Central Library, University of Rajshahi   26/06/1965 Euro pak 56.87   581.05 ADV V-1 1963 28/01/2014 C-2 Books
  Dewey Decimal Classification     Non-fiction Central Library, University of Rajshahi Central Library, University of Rajshahi Reading Room 17/12/1964 Euro-pak, News agency 52.50   581.05 ADV V-1 1963 20/11/2018 C-1 Books